Регионална библиотека "Любен Каравелов" - Русе

Спящата красавица (Запис номер 78918)

MARC детайли
000 -Лидер
Контролно поле с фиксирана дължина 01902nam a2200397 c 4500
003 - Код на организацията, давaща контролен номер
Контролно поле BLK
005 - Дата и час на последна редакция
Контролно поле 20240706005354.0
008 - Елементи от данни с фиксирана дължина
fixed length control field 180408b bul|||||r ||||||| ||bul||
010 ## - Наследен системен номер
LC control number KNG00083386000
020 ## - Международен стандартен номер на книга ISBN
Международен стандартен номер на книга ISBN 978-954-431-329-6
-- издат.: Златното пате
040 ## - Източник на каталожния запис
Идентификатор на билиотеката - собственик на записа BLK
041 ## - Код за език
Код за езика на текст/звукозапис или на отделно заглавие Български
Код за езика КДБФ Български
080 ## - УДК
Текстов определител УДК Френска литература
УДК код - определител по УДК 821.133.1
УДК определител -93-34
УДК - код + определител 821.133.1-93-34
100 1# - Редна дума - Автор
Автор Перо, Шарл
Авторска отговорност първи автор
R(LIN) 363365
139 ## - Редно поле
Редна дума Перо, Шарл
Авторски знак Пер - П 37
245 10 - Сведения за заглавието
Заглавие Спящата красавица
Редно поле (дума) Шарл Перо; адапт. Галина Златина; худож. Галин Николаев Георгиев; худож. Светлана Ангелова Князева; * Галина Йорданова Златарева.
257 ## - Страна на издаване
Страна на създаване/издаване Франция
260 ## - Област на издателските данни
-- София
Име на издателя, разпространителя и проч. Златното пате
Година на издаване 2008
300 ## - Физическа характеристика
Страници 10 с.
Илюстрации и др. с цв. ил.
Размери/Мащаб 22Х24 см
380 ## - Жанр
Жанр Детска худож. лит.
490 1# - СЕРИИ (Колекции)
Име на серия Стъпка по стъпка
500 ## - Общи забележки
Забележка Кор. опис. - Адапт. отбелязана на гърба на кор. ; Галина Златина - псевд. на Галина Йорданова Златарева. - Офс. изд.
653 ## - Ключова дума – ненормативна
Ключова дума приказки
653 ## - Ключова дума – ненормативна
Ключова дума литература за деца
653 ## - Ключова дума – ненормативна
Ключова дума детска литература
700 ## - Други автори (авторска отговорност)
Лично име Златарева, Галина Йорданова
Дати, свързани с автора 1954
9 (RLIN) 363759
700 ## - Други автори (авторска отговорност)
Лично име Георгиев, Галин Николаев
9 (RLIN) 368580
700 1# - Други автори (авторска отговорност)
Лично име Князева, Светлана Ангелова
Автороска отговорност (Описва отношението между автора и произведението) худож.
9 (RLIN) 367584
700 ## - Други автори (авторска отговорност)
Лично име Златарева, Галина Йорданова
Дати, свързани с автора 1954
9 (RLIN) 363759
852 ## - Местоположение
Форматна сигнатура Цб 239768
856 4# - Електронен адрес и достъп
Електронен формат pdf - файл
Път до файла /url/
856 4# - Електронен адрес и достъп
Електронен формат pdf - файл
Път до файла /url/
942 ## - АРТИКУЛИ
Вид на библиотечния материал Книги
Скрит в OPAC Не
Koha issues (borrowed), all copies 7
944 ## - СЪЗДАВАНЕ И РЕДАКЦИЯ на ЗАПИСА
Създаване/Редакция Създаване
Дата на регистрацията/редакция 21.04.2008
Статус, дата на статуса CRON CRON
Служител, извършил регистрацията/редакцията
944 ## - СЪЗДАВАНЕ И РЕДАКЦИЯ на ЗАПИСА
Създаване/Редакция Редакция
Дата на регистрацията/редакция 06.10.2017
Статус, дата на статуса ф /
Служител, извършил регистрацията/редакцията Людмила_Стоянова
999 ## - СИСТЕМНИ КОНТРОЛНИ НОМЕРА
Koha biblionumber 78918
Koha biblioitemnumber 78918
Наличности
Код за отписване Код за изгубен артикул Код за повреда Коз за рестрикции Код за отдаване Артикулен № Име на библиотеката - собственик Име на библиотеката, в която се намира в момента Статус (Текущо местоположение) Дата на вписване в системата Местоположение - отдел Цена в лева Инвентарен номер Систематично азбучна сигнатура Баркод Номер на екземпляра Цена в евро Служебна бележка Служебен тип на артикула Източник на класификационната схема
  Не е изгубен Не е повреден без рестрикции ползва се в читалня 127610 Регионална библиотека "Любен Каравелов" Русе Регионална библиотека "Любен Каравелов" Русе Хранилище 2008-04-21 Хранилище 1.99 120000725772 Цб 239768 120000725772 1 1.02 Дост: Dp Вид: Д N: 12 Дата: 20.02.2008 Книги  
  Не е изгубен Не е повреден без рестрикции заемане за дома 127611 Регионална библиотека "Любен Каравелов" Русе Регионална библиотека "Любен Каравелов" Русе Детски отдел 2008-10-20 Детски отдел 1.99 120000730793 ДХ 820/899/П 37 120000730793 2 1.02 Дост: Pk Вид: Ф N: 8706 Дата: 14.10.2008 Дата инв: 18.08.2015 Бележки инв: Д2015 Книги  
Изтеглен Не е изгубен Не е повреден без рестрикции заемане за дома 127612 Регионална библиотека "Любен Каравелов" Русе Регионална библиотека "Любен Каравелов" Русе Детски отдел 2008-10-20 Детски отдел 1.99 120000730795 ДХ 820/899/ П37 120000730795 3 1.02 Дост: Pk Вид: Ф N: 8706 Дата: 14.10.2008 Дата инв: 18.08.2015 Бележки инв: Д2015 Книги Universal Decimal Classification
  Не е изгубен Не е повреден без рестрикции заемане за дома 127613 Регионална библиотека "Любен Каравелов" Русе Регионална библиотека "Любен Каравелов" Русе Детски отдел 2008-10-20 Детски отдел 1.99 120000730796 ДХ 820/899/П 37 120000730796 4 1.02 Дост: Pk Вид: Ф N: 8706 Дата: 14.10.2008 Дата инв: 18.08.2015 Бележки инв: Д2015 Книги  
  Не е изгубен Не е повреден без рестрикции заемане за дома 127614 Регионална библиотека "Любен Каравелов" Русе Регионална библиотека "Любен Каравелов" Русе Детски отдел 2008-10-20 Детски отдел 1.99 120000730797 ДХ 820/899/П 37 120000730797 5 1.02 Дост: Pk Вид: Ф N: 8706 Дата: 14.10.2008 Дата инв: 18.08.2015 Бележки инв: Д2015 Книги Universal Decimal Classification
Изтеглен Не е изгубен Не е повреден без рестрикции заемане за дома 127615 Регионална библиотека "Любен Каравелов" Русе Регионална библиотека "Любен Каравелов" Русе Детски отдел 2014-01-07 Детски отдел 1.99 120000773187 ДХ 820/899/П 37 120000773187 6 1.02 Дост: DA Вид: А N: 1 Дата: 07.01.2014 Дата инв: 17.08.2015 Бележки инв: Д2015 Книги Universal Decimal Classification
  Не е изгубен Не е повреден без рестрикции заемане за дома 127616 Регионална библиотека "Любен Каравелов" Русе Регионална библиотека "Любен Каравелов" Русе Детски отдел 2017-08-24 Детски отдел 1.99 120000814381 ДХ 820/899/П 37 120000814381 7 1.02 Дост: DA Вид: А N: 34 Дата: 24.08.2017 Книги  
Vip Innovations Ltd, Rousse, Bulgaria 2025